Viaje a los antípodas / (Record no. 570)
[ view plain ]
| 000 -CABECERA | |
|---|---|
| campo de control de longitud fija | 01229nam a2200265 a 4500 |
| 001 - NÚMERO DE CONTROL | |
| campo de control | 000000572 |
| 003 - IDENTIFICADOR DEL NÚMERO DE CONTROL | |
| campo de control | OSt |
| 005 - FECHA Y HORA DE LA ÚLTIMA TRANSACCIÓN | |
| campo de control | 20260321073637.0 |
| 008 - DATOS DE LONGITUD FIJA--INFORMACIÓN GENERAL | |
| campo de control de longitud fija | 081127s1992 dr 000 0 spa d |
| 040 ## - FUENTE DE LA CATALOGACIÓN | |
| Centro catalogador/agencia de origen | DO-SdBNP |
| Lengua de catalogación | spa |
| Centro/agencia transcriptor | BNPHU |
| 082 ## - NÚMERO DE LA CLASIFICACIÓN DECIMAL DEWEY | |
| Número de clasificación | 959.7043 |
| Número de documento/Ítem | B742v, 1992 |
| 100 1# - ENTRADA PRINCIPAL--NOMBRE DE PERSONA | |
| Nombre de persona | Bosch, Juan, |
| Fechas asociadas al nombre | 1909-2001 |
| 9 (RLIN) | 76555 |
| 245 10 - MENCIÓN DE TÍTULO | |
| Título | Viaje a los antípodas / |
| Mención de responsabilidad, etc. | Juan Bosch. |
| 250 ## - MENCIÓN DE EDICIÓN | |
| Mención de edición | 5a ed. |
| 260 ## - PUBLICACIÓN, DISTRIBUCIÓN, ETC. | |
| Lugar de publicación, distribución, etc. | Santo Domingo : |
| Nombre del editor, distribuidor, etc. | Alfa & Omega, |
| Fecha de publicación, distribución, etc. | 1992. |
| 300 ## - DESCRIPCIÓN FÍSICA | |
| Extensión | 239 p. ; |
| Dimensiones | 21 cm. |
| 500 ## - NOTA GENERAL | |
| Nota general | Incluye información del autor en la contra cubierta |
| 505 0# - NOTA DE CONTENIDO CON FORMATO | |
| Título | Asia y el sudeste asiático -- |
| -- | Viaje a los antípodas -- |
| -- | Los papeles del pentágono -- |
| -- | La teoría del dominó -- |
| -- | El papel del mentiroso -- |
| -- | El hombre clave de los Estados Unidios en Viet Nam del Sur -- |
| -- | ¿Quién provocó la guerra de Viet Nam del Sur? -- |
| -- | Los años de Kennedy -- |
| -- | Comentarios anónimos sobre la guerra de Indochina -- |
| -- | Dos conferencias sobre Viet Nam y Cambodia -- |
| -- | Dos discursos por Radio Comercial. |
| 650 #4 - PUNTO DE ACCESO ADICIONAL DE MATERIA--TÉRMINO DE MATERIA | |
| Término de materia o nombre geográfico como elemento de entrada | Guerra de Vietnam |
| Subdivisión cronológica | 1961-1975 |
| 9 (RLIN) | 1887 |
| 651 #4 - PUNTO DE ACCESO ADICIONAL DE MATERIA--NOMBRE GEOGRÁFICO | |
| Nombre geográfico | Vietnam |
| Subdivisión general | Historia |
| 9 (RLIN) | 1888 |
| 651 #4 - PUNTO DE ACCESO ADICIONAL DE MATERIA--NOMBRE GEOGRÁFICO | |
| Nombre geográfico | Asia Sudoriental |
| Subdivisión general | Historia |
| 9 (RLIN) | 1889 |
| 651 #4 - PUNTO DE ACCESO ADICIONAL DE MATERIA--NOMBRE GEOGRÁFICO | |
| Nombre geográfico | Estados Unidos |
| Subdivisión general | Política Militar |
| 9 (RLIN) | 1496 |
| 910 ## - DATOS DE OPCIÓN DEL USUARIO (OCLC) | |
| Datos de opción del usuario | Validado. Control de EMS |
| 942 ## - ELEMENTOS DE PUNTO DE ACCESO ADICIONAL (KOHA) | |
| Fuente del sistema de clasificación o colocación | Dewey Decimal Classification |
| Tipo de ítem Koha | Libro |
| Estado de retiro | Estado de pérdida | Restricciones de uso | No para préstamo | Código de colección | Localización permanente | Ubicación/localización actual | Ubicación en estantería | Fecha de adquisición | Número de inventario | Total de préstamos | Signatura topográfica completa | Código de barras | Fecha visto por última vez | Número de copia | Precio válido a partir de | Tipo de ítem Koha |
|---|---|---|---|---|---|---|---|---|---|---|---|---|---|---|---|---|
| Préstamo en sala | Dominicana de Servicio | Biblioteca Nacional Pedro Henríquez Ureña | Biblioteca Nacional Pedro Henríquez Ureña | Depósito | 20.08.2009 | LF1 | 959.7043 B742v, 1992 | 572-30 | 25.06.2020 | e. 3 | 25.06.2020 | Libros y folletos | ||||
| Préstamo restringido | Excluido de préstamo | Patrimonio Dominicano | Biblioteca Nacional Pedro Henríquez Ureña | Biblioteca Nacional Pedro Henríquez Ureña | Depósito | 20.08.2009 | LF1 | 959.7043 B742v, 1992 | 572-10 | 25.06.2020 | 25.06.2020 | Libros y folletos | ||||
| Préstamo restringido | Excluido de préstamo | Patrimonio Dominicano | Biblioteca Nacional Pedro Henríquez Ureña | Biblioteca Nacional Pedro Henríquez Ureña | Depósito | 20.08.2009 | LF1 | 959.7043 B742v, 1992 | 572-20 | 25.06.2020 | e. 2 | 25.06.2020 | Libros y folletos |
